000 00438nam a2200157Ia 4500
008 240729s9999 xx 000 0 und d
022 _a1533-628X
245 0 _aPhilosophers' Imprint
260 _aUnited States
260 _bMichigan Publishing
650 _a Philosophy (General)
650 _aPhilosophy. Psychology. Religion
856 _uhttps://doaj.org/toc/31ad8b1cfdbb48f28e8559824e4f0db7
942 _2ddc
942 _cDOAJEJ
999 _c68787
_d68787
945 _a1
_bMadushi Gamage
_c1
_dMadushi Gamage